000 00698nam a2200289Ia 4500
005 20260324142951.0
008 008 260324s9999 xx 000 0 eng d
020 _a9780203772232
037 _aEBOOK
040 _aCRL
040 _beng
040 _cCRL
041 _2eng
041 _aeng
084 _qCRL
100 _aJudah L. Schwartz; Beth Wilson; Michal Yerushalmy
_91213898
245 4 _aThe Geometric Supposer
245 0 _bWhat Is It A Case Of?
260 _bTaylor and Francis
260 _c1993
365 _a
365 _b230
856 _uhttp://www.taylorfrancis.com/books/9780203772232
942 _cEBOOK
999 _c1818726
_d1818726